[Event "TUR Cup"]
[Site "Denizli"]
[Date "2023.07.21"]
[Round "8"]
[White "Tiryaki, Suden"]
[Black "Akti, Ezgi"]
[Result "0-1"]
[WhiteElo "1028"]
[BlackElo "1789"]
[PlyCount "56"]
[EventDate "2023.07.16"]
[EventType "team-tourn"]
[EventRounds "9"]
[EventCountry "TUR"]
[SourceTitle "CBM 215 Extra"]
[Source "ChessBase"]
[SourceDate "2023.09.30"]
[SourceVersion "1"]
[SourceVersionDate "2023.09.30"]
[SourceQuality "1"]

1. d4 d5 2. Nf3 Nf6 3. c4 e6 4. Nc3 Be7 5. Bg5 0-0 6. e3 Nbd7 7. Bd3 a6 8. a4 b6 9. Qc2 Bb7 10. 0-0 h6 11. Bh4 c5 12. Rfd1 Rc8 13. b3 Re8 14. Rac1 Qc7 15. Bg3 Bd6 16. Bxd6 Qxd6 17. h3 Qb8 18. Rb1 Qa8 19. Be2 e5 20. Qa2 exd4 21. exd4 Ne4 22. Qb2 Nxc3 23. Qxc3 Rxe2 24. Nh4 Nf6 25. Nf5 Qb8 26. Ne3 Qf4 27. Ng4 Nxg4 28. hxg4 Qxf2+ 0-1

[Event "TUR-chT2"]
[Site "Konya"]
[Date "2017.07.10"]
[Round "3.20"]
[White "Tiryaki, Suden"]
[Black "Tigtepe, Elif Nur"]
[Result "1-0"]
[WhiteElo "1093"]
[BlackElo "1450"]
[PlyCount "55"]
[EventDate "2017.07.09"]
[EventType "team-swiss"]
[EventRounds "9"]
[EventCountry "TUR"]
[SourceTitle "CBM 179 Extra"]
[Source "ChessBase"]
[SourceDate "2017.08.23"]
[SourceVersion "1"]
[SourceVersionDate "2017.08.23"]
[SourceQuality "1"]
[WhiteTeam "Atakum Belediye"]
[BlackTeam "Ataturk Univ"]
[WhiteTeamCountry "TUR"]
[BlackTeamCountry "TUR"]

1. e4 e5 2. Nf3 Nf6 3. Nc3 Nc6 4. Bc4 Bb4 5. 0-0 Bxc3 6. dxc3 0-0 7. Re1 d6 8. h3 Be6 9. Bxe6 fxe6 10. Qd3 Rb8 11. Ng5 Qd7 12. Qg3 h6 13. Nf3 Nh5 14. Qg4 Nf6 15. Qg3 Kh7 16. Qh4 Qf7 17. Ng5+ Kg8 18. Nxf7 Rxf7 19. Re3 Nh7 20. Rg3 Kh8 21. Qh5 Rff8 22. Rf3 Rxf3 23. gxf3 Ne7 24. Kh2 Nf6 25. Qh4 Ng6 26. Qg3 Kh7 27. Be3 b6 28. Rg1 1-0